ნორმალური ფორმატი
MARC ფორმატი
ჩანაწერი Personal Name
ჩანაწერთა რაოდენობა, რომელიც გამოყენებულია: 2
001 - CONTROL NUMBER
- control field: 10466
003 - CONTROL NUMBER IDENTIFIER
- control field: GE_BSU
005 - DATE AND TIME OF LATEST TRANSACTION
- control field: 20210316122458.0
008 - FIXED-LENGTH DATA ELEMENTS
- fixed length control field: 210316|| aca||aabn | a|a d
040 ## - CATALOGING SOURCE
- Original cataloging agency: GE_BSU
- Transcribing agency: GE_BSU
100 ## - HEADING--PERSONAL NAME
- Personal name: მამულაძე, ნანა
670 ## - SOURCE DATA FOUND
- Source citation: Work cat.: (GE_BSU)51653: მამულაძე, ნანა, ეროვნული ტრადიციები,როგორც აღზრდის საშუალება (აჭარაში დაცული ეთნოგრაფიული და ფოლკლორული მასალების მიხედვით) /
